00431nam a2200145 i 450000100060000000300090000600700030001500800410001811000140005924000270007324500500010026000530015030000260020385200560022942440ES-MaACLt|030324s1906 ho ||||1| spa d2 aHonduras.10aCódigo militar, 190610aRepública de Honduras b: código militar. aTegucigalpa : b[s.n.], c1906 (fTip. Nacional) aIV, 150 p. ; c27 cm. aES-MaACLjG-3331 q. - Encuadernado con otras obras